• 首页
  • 本馆介绍
  • 公告通知
  • 最新文献
  • 馆藏检索
  • 电子资源
  • 读者导购
  • 参考咨询
  • 我的图书馆
  • 登录
  • 详细信息显示
  • 放入我的书架
  • 预约/预借图书
  • 作者相关作品
  • 分类相关作品
  • 丛书相关作品
  • 出版社相关作品

书目信息

  • 表格格式
  • 工作单格式
  • 卡片格式
题名:
放映技术
    
 
作者: ;河北省电影公司 编
分册: 上册  
出版信息: 石家庄   河北省电影公司  1984
页数: 318页
开本: 26cm
丛书名:
单 册:
中图分类: J943
科图分类:
主题词: 电影工作--组织 , 电影工作--管理
电子资源:
ISBN:
000 00710nam0 2200205 450
001 0634496062
005 20060726093849.00
100    @a20060726d1984 km y0chiy0120 ea
101 0  @achi
102    @aCN@b130000
200 1  @a放映技术@Afang ying ji shu@e电影放映技术资格考试大纲题解@h上册@f河北省电影公司编@Fhe bei sheng dian ying gong si bian
210    @a石家庄@c河北省电影公司@d1984
215    @a318页@d26cm
517 1  @a电影放映技术资格考试大纲题解@Adian ying fang ying ji shu zi ge kao shi da gang ti jie
606 0  @a电影工作@x组织
606 0  @a电影工作@x管理
690    @aJ943@v3
711  0 @a河北省电影公司@Ahe bei sheng dian ying gong si@4编
801  0 @aCN@bPFT@c20060726
905    @a10447@dJ943@e128:1
    
    放映技术:电影放映技术资格考试大纲题解.上册/河北省电影公司编.-石家庄:河北省电影公司,1984
    318页;26cm
    
    
    ISBN :
    
●
相关链接 在E读中查询图书 在五车中查询图书 在当当中查询图书 在豆瓣中查询图书


正题名:放映技术     索取号:J943/128:1         预约/预借

序号 登录号 条形码 馆藏地/架位号 状态 备注
1 0436364   204363642   密集书库/ [索取号:J943/128:1] 在馆    
2 0436365   204363651   密集书库/ [索取号:J943/128:1] 在馆    
3 0436366   204363660   密集书库/ [索取号:J943/128:1] 在馆    
4 0436367   204363679   密集书库/ [索取号:J943/128:1] 在馆    
唐山师范学院图书馆 欢迎您!
大连网信软件有限公司© 版权所有